[Event "DEN-ch Kort1 B"]
[Site "Skorping"]
[Date "2017.04.10"]
[Round "5"]
[White "Olesen, Poul G"]
[Black "Pedersen, Jens Erik"]
[Result "0-1"]
[WhiteElo "1509"]
[BlackElo "1638"]
[PlyCount "92"]
[EventDate "2017.04.08"]
[EventType "swiss"]
[EventRounds "5"]
[EventCountry "DEN"]
[SourceTitle "EXT 2023"]
[Source "ChessBase"]
[SourceDate "2022.10.05"]
[SourceVersion "1"]
[SourceVersionDate "2022.10.05"]
[SourceQuality "1"]

1. d4 d5 2. g3 Nf6 3. Nf3 Bf5 4. Bg2 e6 5. Bg5 Be7 6. 0-0 h6 7. Bxf6 Bxf6 8. e3 0-0 9. Nbd2 Nd7 10. Rc1 Nb6 11. Qe2 c6 12. c4 Nd7 13. cxd5 exd5 14. Nb3 Re8 15. Nfd2 Rc8 16. Rfe1 Rc7 17. f3 Nb6 18. Qf2 Na4 19. e4 dxe4 20. fxe4 Be6 21. Rc2 Nb6 22. Kh1 Rd7 23. e5 Be7 24. Rd1 Rf8 25. Qe3 Nd5 26. Bxd5 Bxd5+ 27. Kg1 Bg5 28. Qd3 Re8 29. Nc4 Bxc4 30. Qxc4 Rd5 31. Re1 Be7 32. Rce2 Qc7 33. e6 f6 34. Qd3 Bb4 35. Qg6 Re7 36. Rf1 Rg5 37. Qe4 Bd6 38. Re3 Qc8 39. Kg2 Qe8 40. Nd2 Qg6 41. Qf3 Rd5 42. Re4 Kh8 43. h4 f5 44. Re2 Rxd4 45. Qxf5 Qxg3+ 46. Kh1 Rxh4+ 0-1